000
00322nam a2200133Ia 4500
005
20260328104345.0
008
260328s9999||||xx |||||||||||||| ||und||
100
_a
Colomina, Beatriz
245
0
_a
Radical Pedagogies /
_c
Beatriz Colomina
260
_b
MIT Press
300
_a
415 p.
650
_a
EDUCACIÓN
942
_c
BK
999
_c
12272
_d
12272